Nowhere Man Lyrics (Beatles) - Statistics

General Stats
  • This quiz has been taken 921 times
  • The average score is 135 of 165
Answer Stats
Hint Answer % Correct
A
99%
Man
99%
Nowhere
99%
He
98%
He's
95%
In
95%
Real
95%
His
94%
Land
94%
For
89%
Nobody
89%
You
89%
All
87%
Is
86%
Sitting
86%
Know
85%
To
85%
Your
85%
Plans
84%
Making
83%
What
83%
Don't
82%
Listen
82%
Me
82%
Please
81%
And
79%
The
79%
At
78%
Missing
78%
Of
77%
Doesn't
76%
Going
76%
Have
76%
Point
76%
World
76%
You're
76%
Like
75%
Not
75%
View
75%
Where
75%
Command
74%
Bit
72%
Knows
72%
Isn't
71%
Can
67%
Be
65%
See
64%
As
63%
Blind
57%
Worry
56%
Wants
54%
Just
52%
Take
50%
Time
50%
Hurry
49%
See's
48%
Hand
38%
It
35%
Somebody
33%
Else
32%
Lends
29%
Til'
28%
Leave
19%
No matching quizzes found
Score Distribution
Percent of People with Each Score
Percentile by Number Answered
Your Score History
You have not taken this quiz